| 000 | 00591cam a22002291 4500 | ||
|---|---|---|---|
| 001 | sa 66005582 | ||
| 003 | DLC | ||
| 005 | 20260227112250.0 | ||
| 008 | 890502s1965 ii a 000 0 maro | ||
| 010 | _asa 66005582 | ||
| 035 | _a(OCoLC)19646473 | ||
| 040 |
_aDLC _cWaU _dDLC |
||
| 042 | _apremarc | ||
| 043 | _aa-ii--- | ||
| 050 | 0 | 0 |
_aDS484 _b.J6 |
| 100 | 1 |
_aJogaḷekara, Ja. Da., _d1922- |
|
| 245 | 1 | 0 | _aDakshiṇa Bhāratāce dhāvate darśana. |
| 260 | _c[1965] | ||
| 300 |
_a92 p. _billus. _c19 cm. |
||
| 500 | _aIn Marathi. | ||
| 651 | 0 |
_aIndia, South _xDescription and travel. |
|
| 999 |
_c70023 _d70023 |
||